Linguistic theory: the discourse of fundamental works
Saved in:
| Hovedforfatter: | |
|---|---|
| Format: | Bog |
| Sprog: | engelsk |
| Udgivet: |
Londres
Longman
1991
|
| Serier: | Longman linguistics library
|
| Fag: | |
| Tags: |
Tilføj Tag
Ingen Tags, Vær først til at tagge denne postø!
|
MARC
| LEADER | 00000nam a2200000 a 4500 | ||
|---|---|---|---|
| 001 | UCI7215 | ||
| 003 | CL-VaPUC | ||
| 008 | 080613e19910000UK |||||||||||||||||eng|d | ||
| 020 | |a 0582037255 | ||
| 082 | 0 | 4 | |a 410 |b DEB |2 21 |
| 100 | 0 | |a De Beaugrande, Robert |e author |9 530375 | |
| 245 | 1 | 0 | |a Linguistic theory: the discourse of fundamental works |
| 300 | |a 403 p | ||
| 942 | |c BK | ||
| 945 | |d 20080613 00:00:00 |a jtorresc | ||
| 260 | |a Londres |b Longman |c 1991 | ||
| 650 | 0 | |a Lingüística |9 265068 | |
| 650 | 7 | |a TEORIA LINGUISTICA |2 CL-VaPUC |9 334835 | |
| 583 | |a last modification |c 20080613 00:00:00 |k Rodrigo Vera | ||
| 490 | 0 | |a Longman linguistics library | |
| 999 | |c 330566 |d 330564 | ||
| 952 | |0 0 |1 0 |4 0 |6 410_000000000000000_DEB_1991 |7 0 |8 A |9 416167 |a FDOPOS |b FDOPOS |d 2019-11-22 |i 4449614 |o 410 DEB 1991 |p 4449614 |r 2025-01-22 |w 2019-11-22 |y BK |k MLA | ||